Complexity of sequential and parallel numerical algorithms

Salvato in:
Dettagli Bibliografici
Natura: Libro
Lingua:inglese
Pubblicazione: New York Academic Press 1973
Tags: Aggiungi Tag
Nessun Tag, puoi essere il primo ad aggiungerne!!

MARC

LEADER 00000nam a2200000 4500
001 c109363
005 20230118081419.1
041 0 |a eng 
044 |a US 
245 1 0 |a Complexity of sequential and parallel numerical algorithms 
264 1 |a New York  |b Academic Press  |c 1973 
300 |a 300 s.